London slang - Statistics

General Stats
  • This quiz has been taken 569 times
  • The average score is 7 of 12
Answer Stats
Hint Answer % Correct
bro brother
96%
fam family
94%
ting thing
76%
shank stab
74%
ganja weed
68%
strap gun
49%
wagwarn whats up
46%
what u sayin whats up
46%
buff good looking
41%
yat female
36%
marj mum
31%
hott up rob someone
1%
No matching quizzes found
Score Distribution
Percent of People with Each Score
Percentile by Number Answered
Your Score History
You have not taken this quiz